| 000 | 00484nam a22001937a 4500 | ||
|---|---|---|---|
| 003 | CEME | ||
| 005 | 20210628202810.0 | ||
| 008 | 210204b xxu||||| |||| 00| 0 eng d | ||
| 020 | _a1-57820-103-9 | ||
| 040 | _c. | ||
| 082 | _a629.89 MUC | ||
| 100 |
_aLabrosse, Jean.J _961681 |
||
| 245 | _aMicro c/os-ii, the real time kernel | ||
| 250 | _a2ND | ||
| 260 |
_aLAWRENCE _bCMP BOOKS _c2002 |
||
| 300 | _aXXVI,606P | ||
| 650 |
_aREAL TIME CONTROL. MUC/OS _961682 |
||
| 942 |
_cBK _2ddc |
||
| 999 |
_c571053 _d571053 |
||